Statistics for War Movies by Picture

Click here to take the quiz!

General Stats

  • This quiz has been taken 140 times
    (118 since last reset)
  • The average score is 12 of 32

Answer Stats

Answer% Correct
American Sniper
81%
Saving Private Ryan
81%
Full Metal Jacket
73%
All Quiet on the Western Front
68%
Fury
66%
1917
65%
Jarhead
54%
Cassablanca
53%
Lawrence of Arabia
52%
Apocalypse Now
48%
Platoon
48%
Warhorse
47%
Inglorious Basterds
45%
The Bridge on the River Kwai
45%
The Hurt Locker
45%
Valkyrie
44%
The Deer Hunter
39%
The Great Escape
34%
Letters from Iwo Jima
31%
Lone Survivor
28%
Flags of Our Fathers
24%
We Were Soldiers
22%
12 Strong
21%
Empire of the Sun
21%
The Thin Red Line
18%
Three Kings
18%
Gallipoli
15%
Zero Dark Thirty
15%
Tears of the Sun
13%
Hart's War
12%
The Killing Fields
9%
Mosul
6%

Score Distribution

Percentile by Number Answered

Percent of People with Each Score

Your Score History

You have not taken this quiz since the last reset